| 000 | 00653nam a22002055i 4500 | ||
|---|---|---|---|
| 001 | 176607 | ||
| 003 | ES-MaACL | ||
| 005 | 20240529062952.0 | ||
| 008 | 110126s2010 sp |||| | spa d | ||
| 020 | _a978-84-613-9556-9 | ||
| 080 | _a821.134.2-14"19" | ||
| 100 | 0 |
_aElgarresta, José, _d1945- _946939 |
|
| 245 | 1 | 0 |
_aPoesía 8++ / _cJosé Elgarresta. |
| 260 |
_a[Madrid] : _bLibertad 8 : _bAbsurda Fábula, _cD. L. 2010. |
||
| 300 |
_a31 p. ; _c17 cm. |
||
| 490 | 1 |
_aHazversidades poéticas ; _v8 de junio |
|
| 830 | 0 |
_aHazversidades poéticas ; _v8 de junio _9190178 |
|
| 852 |
_aES-MaACL _j2270-F-2 |
||
| 999 |
_c176607 _d176607 |
||